| 000 | 00711cam a22002531 4500 | ||
|---|---|---|---|
| 001 | 7041116 | ||
| 005 | 20180111092831.0 | ||
| 008 | 730214s1963 xx 000 0 eng | ||
| 010 | _a 63018564 | ||
| 015 | _aGB64-380 | ||
| 035 | _a(OCoLC)558825 | ||
| 040 |
_aDLC _cOWibfU _dOCoLC _dOTU _dOCoLC _dUk _dDLC |
||
| 041 | _aeng | ||
| 042 | _apremarc | ||
| 080 | _a541.345 | ||
| 082 | _a541.345 OLP | ||
| 100 | 1 | _a12 | |
| 101 | _aKIM | ||
| 245 | 1 | 3 | _aAn introduction to clay colloid chemistry, |
| 504 | _aIncludes bibliographies. | ||
| 740 | 0 | _aClay colloid chemistry. | |
| 906 |
_a7 _bcbc _coclcrpl _du _encip _f19 _gy-gencatlg |
||
| 942 |
_2ddc _cBK |
||
| 999 |
_c40151 _d40151 |
||